Представление документа в формате RUSMARC

ПолеНазваниеЗначение
  Тип записи a
  Библиографический уровень m
001 Контрольный номер UONB/MAIN/86e14bfedb49442dbf3f533f43d85ed0
005 Дата корректировки 20251024092733.4
010 Индекс ISBN __
a ISBN 978-5-4470-0676-1
b Уточнения в пер.
9 Тираж 1500 экз.
100 Данные общей обработки __
a Данные общей обработки Значениеd2024 uy0rusy0189 ca
101 Язык документа 0_
a Язык текста rus
102 Страна публикации __
a Страна публикации RU
105 Кодированные данные (монография) __
a Кодированные данные (монография) a z 000yy
200 Заглавие и сведения об ответственности 1_
a Заглавие 500 дней поражений и побед
f Первые сведения об ответственности Александр Коц
e Сведения, относящиеся к заглавию хроника СВО глазами военкора
203 Вид содержания и тип средства __
a Вид содержания Текст
b Характеристика содержания визуальный
c Тип средства непосредственный
210 Выходные данные 1_
a Место издания Москва
c Издательство Комсомольская правда
d Дата издания 2024
215 Физическое описание __
a Объем 462, [1] с.
d Формат 22 см
c Иллюстрации/тип воспроизводства ил., фот.
333 Примечание о целевом назначении __
a Примечание о целевом назначении 16+
517 Другие варианты заглавия 1_
a Другие варианты заглавия Пятьсот дней поражений и побед
606 Тематические рубрики 0_
a Основная рубрика Специальная военная операция Российской Федерации
x Основная подрубрика Герои и героизм
610 Ключевые слова 0_
a Ключевые слова Специальная военная операция Российской Федерации; герои СВО; хроника СВО
686 Индексы других классификаций __
2 Код системы rubbk
a Классификационный индекс 66.2(Рос)
686 Индексы других классификаций __
2 Код системы rubbk
700 Автор _1
a Фамилия Коц
b Имя (инициалы) А. И.
g Полное личное имя Александр Игоревич
801 Источник записи _0
a Страна RU
b Организация Ульяновская ОНБ
c Дата составления 20250806
g Правила каталогизации RCR
801 Источник записи _1
a Страна RU
b Организация Ульяновская ОНБ
c Дата составления 20250806
g Правила каталогизации RCR
900 Электронные ресурсы __
a Имя электронного ресурса гф0735
900 Электронные ресурсы __
a Имя электронного ресурса гф0736
901 Тип документа __
t Тип документа m
909 Создатель записи __
a Создатель записи Егорова Э. А.
b Дата создания записи 20250806
910 Корректоры записи __
a Корректор записи Пряхина
b Дата внесения изменения в запись 20251015